00525nam a2200169Ia 450000500170000000800410001702000150005808200130007310000160008624500200010226000370012230000130015950000650017294200060023795200970024399900150034020250612032346.0240331s9999 xx 000 0 und d a955956451X bPIYa320 aPiyasena, L 0aVasunu manpetha aKalutharabLuxman Piyasenac1994 a165 p ., aA historical analysis of the political tradition of giruwaya cL 001040708LaWERCLbWERCLcSSCd2024-03-31l0o 320.9 PIYp2830r2024-03-31w2024-03-31yL c2324d2324